Annual report (Record no. 485054)

000 -LEADER
fixed length control field 00365cam a22001337a 4500
008 - FIXED-LENGTH DATA ELEMENTS--GENERAL INFORMATION
fixed length control field 180718bThe author xxu||||| |||| 00| 0 eng d
082 ## - DEWEY DECIMAL CLASSIFICATION NUMBER
Classification number A45:B73
100 ## - MAIN ENTRY--PERSONAL NAME
Personal name India. Ministry of Panchayati Raj
245 ## - TITLE STATEMENT
Title Annual report
260 ## - PUBLICATION, DISTRIBUTION, ETC.
Place of publication, distribution, etc.
Name of publisher, distributor, etc. New Delhi
Date of publication, distribution, etc. The author
300 ## - PHYSICAL DESCRIPTION
Extent --
500 ## - GENERAL NOTE
General note Library has 2005/06, 2007/08-2009/10
650 ## - SUBJECT ADDED ENTRY--TOPICAL TERM
Topical term or geographic name entry element Panchayat - India
Holdings
Withdrawn status Lost status Damaged status Not for loan Permanent Location Current Location Date acquired Full call number Barcode Date last seen Price effective from Koha item type
        Indian Institute of Public Administration Indian Institute of Public Administration 2018-08-04 A45:B73 G21201 2018-08-04 2018-08-04 G
        Indian Institute of Public Administration Indian Institute of Public Administration 2018-08-04 A45:B73 G21177 2018-08-04 2018-08-04 G
        Indian Institute of Public Administration Indian Institute of Public Administration 2018-08-04 A45:B73 G20779 2018-08-04 2018-08-04 G
        Indian Institute of Public Administration Indian Institute of Public Administration 2018-08-04 A45:B73 GG29952 2018-08-04 2018-08-04 GG

Powered by Koha